Некоторые результаты магниторазведочных работ на Айдаковской площади; Проблемы геологии и освоения недр; Ч. 2

Bibliografiske detaljer
Parent link:Проблемы геологии и освоения недр: материалы докладов Второй Международной научной конференции студентов, аспирантов и молодых ученых им. академика М. А. Усова/ Томский политехнический университет ; под ред. Б. Д. Васильева.— , 1998
Ч. 2.— 1998.— С. 15-16
Hovedforfatter: Пинсон А. Ю.
Andre forfattere: Орехов А. Н. Александр Николаевич (научный руководитель)
Sprog:russisk
Udgivet: 1998
Fag:
Format: Book Chapter
KOHA link:https://koha.lib.tpu.ru/cgi-bin/koha/opac-detail.pl?biblionumber=49690

MARC

LEADER 00000naa2a2200000 4500
001 49690
005 20231031032629.0
035 |a (RuTPU)RU\TPU\book\52018 
035 |a RU\TPU\tpu\10121 
090 |a 49690 
100 |a 20030403d1998 k y0rusy50 ca 
101 0 |a rus 
102 |a RU 
200 1 |a Некоторые результаты магниторазведочных работ на Айдаковской площади  |f А. Ю. Пинсон  |g науч. рук. А. Н. Орехов 
461 1 |0 (RuTPU)RU\TPU\book\8224  |t Проблемы геологии и освоения недр  |o материалы докладов Второй Международной научной конференции студентов, аспирантов и молодых ученых им. академика М. А. Усова  |f Томский политехнический университет ; под ред. Б. Д. Васильева  |d 1998 
463 1 |0 (RuTPU)RU\TPU\book\222117  |t Ч. 2  |v С. 15-16  |d 1998  |p 176 с. 
610 1 |a труды учёных ТПУ 
675 |a 55(063)  |v 3 
700 1 |a Пинсон  |b А. Ю. 
702 1 |a Орехов  |b А. Н.  |c российский геолог  |c старший преподаватель Томского политехнического института  |c выпускник ТПИ 1984  |f 1962-  |g Александр Николаевич  |2 stltpush  |4 727 
801 1 |a RU  |b 63413507  |c 20021104  |g PSBO 
801 2 |a RU  |b 63413507  |c 20130131  |g PSBO 
942 |c BK